Statistics for Countries That Have IKEA

Click here to take the quiz!

General Stats

  • This quiz has been taken 65 times
  • The average score is 48 of 56

Answer Stats

IKEA StoresAnswer% Correct
54Germany
98%
5Portugal
98%
20Sweden
98%
21United Kingdom
98%
14Canada
96%
40China
96%
5Finland
96%
35France
96%
11Poland
96%
53United States Of America
96%
8Belgium
95%
12Japan
95%
31Spain
95%
7Turkey
95%
8Austria
93%
5Denmark
93%
1Mexico
93%
7Norway
93%
10Australia
91%
6Greece
91%
3India
91%
24Italy
91%
13Netherlands
91%
17Russia
91%
1Slovakia
91%
9Switzerland
91%
1Croatia
87%
3Egypt
87%
4Ireland
87%
1Serbia
87%
4South Korea
87%
4Czech Republic
85%
3Lithuania
85%
3Saudi Arabia
85%
5Indonesia
84%
1Latvia
84%
2Romania
84%
1Ukraine
84%
4United Arab Emirates
82%
3Bulgaria
80%
1Estonia
80%
3Hungary
80%
3Thailand
80%
1Iceland
78%
7Israel
78%
4Malaysia
76%
2Morocco
76%
1Philippines
75%
3Singapore
75%
1Qatar
73%
2Kuwait
71%
7Taiwan
69%
1Bahrain
67%
1Cyprus
67%
1Jordan
62%
1Dominican Republic
38%

Score Distribution

Percentile by Number Answered

Percent of People with Each Score

Your Score History

You have not taken this quiz